000 00441nam a2200169Ia 4500
005 20250326130750.0
008 250326s9999 xx 000 0 und d
037 _aTextbook
040 _aFMSL
_beng
_cFMSL
041 _aeng
_2eng
084 _aX:74 N7
_qFMSL
100 _aFriend J
_9741284
245 0 _aPlanning under pressure
_cFriend J; Hickling A
260 _c1997
942 _cTB
_hX:74 N7
999 _c1283995
_d1283995